Movies Quiz

Random Movies or Actor Quiz
Score 0/16 Timer 03:00
0 Plays Today
Hint Answer % Correct
An ____ in ParisAmerican
98.8%
The ____ MusketeersThree
98.1%
For ____ and My GirlMe
94.4%
____ in the RainSingin'
93.8%
What a ____ to Go!Way
93.2%
____ AweighAnchors
92.5%
Ziegfeld ____Follies
82.6%
Inherit the ____Wind
76.4%
Hint Answer % Correct
Deep in My ____Heart
73.3%
On the ____Town
68.9%
It's Always Fair ____Weather
68.9%
Words and ____Music
67.7%
Invitation to the ____Dance
61.5%
The ____ Makes ThreeDevil
21.7%
____ Knievel!Viva
19.3%
____ HolidayChristmas
18.6%
Remove Ads.
Support Sporcle.
Get the best of Sporcle when you Go Orange. This ad-free experience offers more features, more stats, and more fun while also helping to support Sporcle. Thank you for becoming a member.

You're not logged in!

Compare scores with friends on all Sporcle quizzes.
OR
Log In

Sporcle TV

Today on Sporcle TV


Watch our educational content, quiz creation guides, and fun videos on Sporcle TV.

Show Comments

Extras

Top Quizzes Today


Score Distribution

Paid Content

Your Account Isn't Verified!

In order to create a playlist on Sporcle, you need to verify the email address you used during registration. Go to your Sporcle Settings to finish the process.

Report this User

Report this user for behavior that violates our Community Guidelines.

Details: